Filosofía iberoamericana en la época del Encuentro /

Uloženo v:
Podrobná bibliografie
Hlavní autor: Robles Carcedo, Laureano (edición)
Další autoři: Reyes Mate, Manuel (dirección) (dirección)
Médium: Kniha
Jazyk:španělština
Vydáno: Madrid, España : Trotta : Consejo Superior de Investigaciones Científicas : Sociedad Estatal Quinto Centenario, 1992, c1992
Tagy: Přidat tag
Žádné tagy, Buďte první, kdo vytvoří štítek k tomuto záznamu!

MARC

LEADER 00000nam^a2200000^a^4500
001 000597184
005 20250521000000.0
009 20260310133121.159
020 |a 84-87699-49-9 
020 |a 84-87699-48-0 
037 |a Acervo Xavier Clavigero 
041 |a ESP 
091 |a FDU. 00983 
100 |a Robles Carcedo, Laureano  |e (edición) 
240 1 1 |a [Enciclopedia iberoamericana de filosofía] 
245 1 0 |a Filosofía iberoamericana en la época del Encuentro / 
264 4 |a Madrid, España :  |b Trotta :  |b Consejo Superior de Investigaciones Científicas :  |b Sociedad Estatal Quinto Centenario,  |c 1992, c1992 
300 |a 420 p. 
336 |a texto  |b txt  |2 rdacontenido 
337 |a sin mediación  |b n  |2 rdamedio 
338 |a volumen  |b nc  |2 rdasoporte 
649 |a XX 
700 |a Reyes Mate, Manuel  |e (dirección) 
910 |a Fondo Víctor Raúl Durana Valerio S.J. 
920 |a Impresos - Libros 
930 |a Fondos Especiales 
905 |a 116 
901 |a 597184-10  |b IT2  |c ESP  |i D5671  |u 20250521 
902 |a https://opac.biblio.iteso.mx/vufind/Record/000597184